| 000 | 00772nam a2200217 i 4500 | ||
|---|---|---|---|
| 001 | 90161 | ||
| 003 | ES-MaACL | ||
| 005 | 20231205142502.0 | ||
| 007 | t| | ||
| 008 | 050119s1945 sp ||||1| spa d | ||
| 100 | 1 |
_aLe Danois, Edmond. _970863 |
|
| 245 | 1 | 3 |
_aEl Atlántico _b: historia y vida de un océano / _cEd. Le Danois ; traducción de Xavier Zubiri. |
| 250 | _a2ª ed. [especualmente autorizada por el autor]. | ||
| 260 |
_aMadrid : _bEspasa-Calpe, _c[1945] ( _fGerónimo J. Pesce) |
||
| 300 |
_a268 p., 16 lám. : _bil. ; _c20 cm. |
||
| 490 | 1 | _aNueva ciencia, nueva técnica | |
| 700 | 1 |
_aZubiri, Xavier, _d1898-1983 _9118406 |
|
| 830 | 0 |
_aNueva ciencia, nueva técnica _9181572 |
|
| 852 |
_aES-MaACL _jD-5877 _bR.31510 |
||
| 999 |
_c90161 _d90161 |
||